| 000 | 01294cab a2200481 4500 | ||
|---|---|---|---|
| 001 | ABS58691 | ||
| 008 | 090401t1998 xxu||||| |||| 00| 0 eng d | ||
| 035 | _a(Sirsi) u86638 | ||
| 041 | _aeng | ||
| 245 | _aFocus `98: Yorkshire | ||
| 260 | _c1998 | ||
| 350 | _a0 | ||
| 490 |
_aEstates Gazette _v(9821) 23 May 1998, 81-153(29) |
||
| 650 | _aBRADFORD | ||
| 650 | _aCALL CENTRES | ||
| 650 | _aCOALFIELDS | ||
| 650 | _aDEARNE VALLEY | ||
| 650 | _aDISTRIBUTION | ||
| 650 | _aDONCASTER | ||
| 650 | _aGRIMSBY | ||
| 650 | _aHARROGATE | ||
| 650 | _aHOUSING MARKET | ||
| 650 | _aHULL | ||
| 650 | _aLEEDS | ||
| 650 | _aLEISURE MARKET | ||
| 650 | _aM62 CORRIDOR | ||
| 650 | _aMANCHESTER | ||
| 650 | _aOFFICE CONVERSIONS | ||
| 650 | _aPROPERTY-COMMERCIAL PROPERTY-OFFICE PROPERTY-OFFICE PROPERTY MARKET | ||
| 650 | _aOFFICES TO FLATS | ||
| 650 | _aOUT OF TOWN DEVELOPMENT | ||
| 650 | _aRENTAL LEVELS | ||
| 650 | _aRESTAURANTS | ||
| 650 | _aPROPERTY-COMMERCIAL PROPERTY-RETAIL PROPERTY-RETAIL PROPERTY MARKET | ||
| 650 | _aSHEFFIELD | ||
| 650 | _aSHOPPING CENTRES | ||
| 650 | _aTOWN CENTRE DEVELOPMENT | ||
| 650 | _aYORK | ||
| 650 | _aYORKSHIRE | ||
| 690 | _aPROPERTY-COMMERCIAL PROPERTY-COMMERCIAL PROPERTY MARKET | ||
| 942 | _n0 | ||
| 948 | _c08/06/1998 | ||
| 999 |
_c54557 _d54557 |
||